000 00441nam a2200205Ia 4500
001 13645
003 GE_BSU
008 181216s||||||||xx |||||||||||||| ||und||
020 _a9780091931087
040 _cGE_BSU
080 _a821.111-3
100 _aBerenson,Alex.
245 4 _aThe silent man.
260 _aLondon.
260 _bMixed Sources.
260 _c2009
300 _a418p;23cm.
653 _aThe silent man.
942 _cBK
999 _c46797
_d46797